| 000 | 00903cam a22002414a 4500 | ||
|---|---|---|---|
| 999 |
_c48208 _d48208 |
||
| 001 | 12116178 | ||
| 003 | Nust | ||
| 005 | 20170112114027.0 | ||
| 008 | 000722r20001993enka 000 0 eng | ||
| 010 | _a 00697980 | ||
| 020 | _a9780753711781 (hbk) | ||
| 040 |
_aDLC _cDLC _dDLC |
||
| 042 | _apcc | ||
| 050 | 0 | 0 |
_aPR2754 _b.C44 1993 |
| 082 | 0 | 0 |
_a822.33 _bSHA |
| 100 | 1 |
_aShakespeare, William, _d1564-1616. |
|
| 240 | 1 | 0 |
_aWorks. _f1993 |
| 245 | 1 | 4 | _aThe illustrated Stratford Shakespeare. |
| 260 |
_aLondon : _bChancellor Press ; _aNew York : _bDistributed in the U.S. by Sterling Pub. Co., _c1993 |
||
| 300 |
_a1023 p. : _bill. ; _c22 cm. |
||
| 906 |
_a7 _bcbc _corignew _d2 _encip _f20 _gy-gencatlg |
||
| 942 |
_2ddc _cBK |
||